| 000 | 00502nam a2200193 4500 | ||
|---|---|---|---|
| 999 |
_c3985 _d234489 |
||
| 020 | _a9502008715 | ||
| 080 | _a347.957 M 815 | ||
| 100 | _aMorello, Augusto M. | ||
| 245 | _aActualidad del Recurso Extraordinario | ||
| 260 |
_aLa Plata _bLibrerìa Editora pPatense _c1995 |
||
| 300 | _a459 p. | ||
| 650 | _xCorte Suprema | ||
| 650 | _xper saltum | ||
| 650 | _xrecurso extraordinario | ||
| 650 | _xOperacion langostino | ||
| 650 | _xrecurso de queja | ||
| 942 | _6_ | ||
| 945 |
_acd _d2015-06-03 |
||